UBT Library

THE RULES OF THE GAME (Record no. 33983)

000 -LEADER
fixed length control field 00258nam a22001217a 4500
008 - FIXED-LENGTH DATA ELEMENTS--GENERAL INFORMATION
fixed length control field 171014b xxu||||| |||| 00| 0 eng d
041 ## - LANGUAGE CODE
Language code of text/sound track or separate title eng
080 ## - UNIVERSAL DECIMAL CLASSIFICATION NUMBER
Universal Decimal Classification number 33
100 ## - Rafti
Rafti 52
101 ## - Shkurtesa
Shkurtesa EKO
245 ## - TITLE STATEMENT
Title THE RULES OF THE GAME
Statement of responsibility, etc DAM, K.W
942 ## - ADDED ENTRY ELEMENTS (KOHA)
Source of classification or shelving scheme
Item type Books
Holdings
Withdrawn status Lost status Source of classification or shelving scheme Damaged status Not for loan Collection code Permanent location Current location Shelving location Date acquired Total Checkouts Full call number Barcode Date last seen Price effective from Koha item type
          Koleksioni i përgjithshem UBT - Lipjan UBT - Lipjan Koleksioni i përgjithshem 10/14/2017   33 DAM 002-2931370 10/14/2017 10/14/2017 Books
UBT Library © 2015-2024. All rights reserved University Education for Business and Technology